[Event "26th Klatovy B 2018"]
[Site "Klatovy CZE"]
[Date "2018.07.05"]
[Round "6.45"]
[White "Skalny, Petr"]
[Black "Gorej, Vojtech"]
[Result "1/2-1/2"]
[WhiteElo "1665"]
[BlackElo "1633"]
[PlyCount "73"]
[EventDate "2018.06.30"]
[EventType "swiss"]
[EventRounds "9"]
[EventCountry "CZE"]

1. h3 e5 2. d4 exd4 3. Qxd4 Nc6 4. Qa4 d5 5. c3 Nf6 6. Nf3 Bf5 7. Bf4 Bd6 8. Bxd6 Qxd6 9. Nd4 Be4 10. Nd2 O-O 11. e3 Nxd4 12. Qxd4 c5 13. Nxe4 Nxe4 14. Qa4 a6 15. Bd3 b5 16. Qc2 Rfe8 17. O-O-O Nf6 18. Rd2 c4 19. Bf5 g6 20. Bg4 Ne4 21. Rd4 f5 22. Bf3 a5 23. Rhd1 Re5 24. Bxe4 fxe4 25. Rxe4 Rxe4 26. Qxe4 dxe4 27. Rxd6 Rf8 28. Rd5 Rxf2 29. Rxb5 Rxg2 30. Rxa5 Rg3 31. Re5 Rxe3 32. h4 Rh3 33. Rxe4 Rh1+ 34. Kc2 Rh2+ 35. Kc1 Rh1+ 36. Kd2 Rh2+ 37. Kc1 1/2-1/2

[Event "26th Klatovy B 2018"]
[Site "Klatovy CZE"]
[Date "2018.07.05"]
[Round "6.46"]
[White "Skopkova, Marcela"]
[Black "Svec, Ludek"]
[Result "1/2-1/2"]
[WhiteElo "1245"]
[BlackElo "1618"]
[PlyCount "135"]
[EventDate "2018.06.30"]
[EventType "swiss"]
[EventRounds "9"]
[EventCountry "CZE"]

1. c4 e6 2. Nf3 b6 3. e3 Bb7 4. Be2 Nf6 5. Nc3 d5 6. d4 Nbd7 7. a3 c5 8. dxc5 Nxc5 9. b4 Nce4 10. Nxe4 dxe4 11. Qxd8+ Rxd8 12. Nd2 Bd6 13. Bb2 Ke7 14. Rd1 a5 15. Bc3 axb4 16. Bxb4 Bxb4 17. axb4 Ra8 18. O-O Ra2 19. Rfe1 Rb2 20. b5 Ra8 21. Nb1 Nd7 22. Rd2 Rxd2 23. Nxd2 Nc5 24. f3 Ra2 25. Rd1 Nb3 26. Nxb3 Rxe2 27. fxe4 Rxe3 28. Nd4 Bxe4 29. Nc6+ Bxc6 30. bxc6 Re5 31. Rd7+ Ke8 32. Rb7 Rc5 33. Rxb6 Rxc4 34. Rb8+ Ke7 35. Rb7+ Kf6 36. Rc7 Rc2 37. Rc8 h5 38. g3 g6 39. h3 e5 40. Kf1 Ke7 41. Rc7+ Kd8 42. Rxf7 Rxc6 43. Kf2 Ke8 44. Rg7 Kf8 45. Rh7 Rc3 46. Rd7 h4 47. gxh4 Rxh3 48. Rd5 Rxh4 49. Rxe5 Rh3 50. Kg2 Ra3 51. Kh2 Kf7 52. Kg2 Kf6 53. Rc5 Kg7 54. Kh2 Kh6 55. Kg2 g5 56. Kh2 Kh5 57. Kg2 Kh4 58. Rc4+ g4 59. Rc8 Ra2+ 60. Kg1 Rd2 61. Rc4 Kh3 62. Rc3+ g3 63. Rc1 Rg2+ 64. Kh1 Rd2 65. Kg1 Rh2 66. Rc3 Rd2 67. Rc1 Rd3 68. Rb1 1/2-1/2

[Event "26th Klatovy B 2018"]
[Site "Klatovy CZE"]
[Date "2018.07.05"]
[Round "6.47"]
[White "Simunek, Jakub Simon"]
[Black "Krejbich, Lukas"]
[Result "1-0"]
[WhiteElo "1578"]
[BlackElo "1299"]
[PlyCount "79"]
[EventDate "2018.06.30"]
[EventType "swiss"]
[EventRounds "9"]
[EventCountry "CZE"]

1. d4 d5 2. c4 c6 3. Nc3 Nf6 4. cxd5 Nxd5 5. e4 Nxc3 6. bxc3 e6 7. Nf3 Be7 8. Bd3 O-O 9. O-O c5 10. Re1 Nd7 11. Bb2 Nf6 12. Qc2 g6 13. h4 Qc7 14. e5 Nh5 15. Qd2 c4 16. Bc2 f5 17. Qh6 Qd8 18. Bc1 f4 19. g3 fxg3 20. Bxg6 gxf2+ 21. Kxf2 Bxh4+ 22. Ke2 hxg6 23. Qxg6+ Ng7 24. Bh6 Rf7 25. Rg1 Qe7 26. Bg5 Bxg5 27. Nxg5 Kf8 28. Rh1 Ke8 29. Rh8+ Kd7 30. Qxf7 Qxf7 31. Nxf7 b5 32. Nd6 a5 33. Rg8 Kc6 34. Rxg7 Ba6 35. a3 Rb8 36. Ra7 Kb6 37. Re7 b4 38. axb4 axb4 39. Rxe6 b3 40. Nxc4+ 1-0

[Event "26th Klatovy B 2018"]
[Site "Klatovy CZE"]
[Date "2018.07.05"]
[Round "6.48"]
[White "Kotesovec, Jaroslav"]
[Black "Veverkova, Dorota"]
[Result "1-0"]
[WhiteElo "1514"]
[BlackElo "1277"]
[PlyCount "77"]
[EventDate "2018.06.30"]
[EventType "swiss"]
[EventRounds "9"]
[EventCountry "CZE"]

1. e4 c5 2. Nf3 d6 3. d4 cxd4 4. Nxd4 Nf6 5. Nc3 g6 6. Bc4 Bg7 7. O-O O-O 8. h3 Nc6 9. Nxc6 bxc6 10. Re1 Bb7 11. Bg5 h6 12. Bh4 g5 13. Bg3 d5 14. exd5 cxd5 15. Bd3 e6 16. Qf3 Qe7 17. Nb5 d4 18. Qe2 Qd7 19. Be5 Qd5 20. f3 Nd7 21. Bxg7 Kxg7 22. Nc7 Qd6 23. Nxa8 Bxa8 24. Be4 Bxe4 25. Qxe4 Nc5 26. Qe5+ Qxe5 27. Rxe5 Na4 28. Re4 Nxb2 29. Rxd4 Rc8 30. Rc1 Rc3 31. Rd2 Na4 32. Rd3 Rc4 33. Ra3 Kf6 34. Kf2 a5 35. Ke3 Ke5 36. g3 h5 37. Kd2 Kd5 38. Re1 Kd4 39. Re4+ 1-0

[Event "26th Klatovy B 2018"]
[Site "Klatovy CZE"]
[Date "2018.07.05"]
[Round "6.49"]
[White "Martinek, Lukas"]
[Black "Stross, Frantisek 1952"]
[Result "0-1"]
[WhiteElo "1215"]
[BlackElo "1506"]
[PlyCount "50"]
[EventDate "2018.06.30"]
[EventType "swiss"]
[EventRounds "9"]
[EventCountry "CZE"]

1. e4 e5 2. Nc3 Nf6 3. f4 Nc6 4. Nf3 d6 5. Bc4 Be6 6. Bb3 Bxb3 7. axb3 exf4 8. d4 d5 9. e5 Ne4 10. Bxf4 Bb4 11. Qd3 Bxc3+ 12. bxc3 O-O 13. O-O Ne7 14. Rfe1 Ng6 15. Bc1 c6 16. c4 f5 17. g3 f4 18. cxd5 cxd5 19. c4 fxg3 20. hxg3 Nxg3 21. Ng5 Nh5 22. Ne6 Qh4 23. Nxf8 Qxe1+ 24. Kh2 Qf2+ 25. Kh1 Ng3+ 0-1

[Event "26th Klatovy B 2018"]
[Site "Klatovy CZE"]
[Date "2018.07.05"]
[Round "6.51"]
[White "Valdman, Jakub"]
[Black "Jedlicka, Pavel"]
[Result "1-0"]
[WhiteElo "1066"]
[BlackElo "1485"]
[PlyCount "93"]
[EventDate "2018.06.30"]
[EventType "swiss"]
[EventRounds "9"]
[EventCountry "CZE"]

1. e4 Nf6 2. e5 Nd5 3. Bc4 Nb6 4. Bb3 d5 5. d4 Bf5 6. Nc3 c6 7. Nf3 f6 8. Bf4 e6 9. Qd2 Be7 10. O-O-O N8d7 11. Rhg1 g5 12. exf6 gxf4 13. fxe7 Qxe7 14. Qxf4 O-O-O 15. Rde1 Rhf8 16. Qd2 Rg8 17. h3 Nf6 18. g4 Be4 19. Nxe4 Nxe4 20. Qe3 Rdf8 21. Nd2 Nxd2 22. Qxd2 Qh4 23. Rxe6 Rxf2 24. Rh6 Rxd2 25. Rxh4 Rxd4 26. Rxh7 a5 27. c3 Rf4 28. g5 a4 29. Bc2 Kb8 30. g6 Ka7 31. g7 Rf7 32. Bf5 Re7 33. h4 Nc4 34. h5 Nd6 35. Bh3 Ne8 36. h6 Nf6 37. Rh8 Re3 38. Rxg8 Rxh3 39. Rf8 Nd7 40. g8=Q a3 41. Ra8+ Kb6 42. Rxa3 Kb5 43. c4+ Kxc4 44. Rxh3 Nf6 45. Rg4+ Kb5 46. Rb3+ Ka6 47. Qa8# 1-0

[Event "26th Klatovy B 2018"]
[Site "Klatovy CZE"]
[Date "2018.07.05"]
[Round "6.52"]
[White "Bastyr, Pavel"]
[Black "Malik, Zdenek"]
[Result "1/2-1/2"]
[WhiteElo "1469"]
[BlackElo "1607"]
[PlyCount "93"]
[EventDate "2018.06.30"]
[EventType "swiss"]
[EventRounds "9"]
[EventCountry "CZE"]

1. d4 Nf6 2. c4 e6 3. Nc3 d5 4. Bg5 Be7 5. e3 O-O 6. Nf3 h6 7. Bh4 b6 8. Bd3 Bb7 9. O-O dxc4 10. Bxc4 c5 11. Qe2 Nbd7 12. Bg3 Nh5 13. Be5 Nxe5 14. Nxe5 Nf6 15. Rad1 a6 16. dxc5 Qc7 17. c6 Bc8 18. Nd7 Nxd7 19. cxd7 Bb7 20. Qg4 Qc6 21. Be2 Bd6 22. Bf3 Qxd7 23. Bxb7 Bxh2+ 24. Kxh2 Qc7+ 25. Qg3 Qxb7 26. Rd4 Qe7 27. Rg4 Qf6 28. Rb4 b5 29. Rd1 Qe7 30. Rdd4 e5 31. Rh4 f6 32. Qg6 f5 33. a3 Kh8 34. Nd5 Qb7 35. e4 fxe4 36. Qxe4 Rxf2 37. Qxe5 Kh7 38. Qe4+ Kh8 39. Rxh6+ gxh6 40. Qd4+ Kh7 41. Qe4+ Kh8 42. Qe5+ Kh7 43. Rh4 Raf8 44. Qe4+ Kg8 45. Rg4+ Kh8 46. Qe5+ Kh7 47. Qe4+ 1/2-1/2

[Event "26th Klatovy B 2018"]
[Site "Klatovy CZE"]
[Date "2018.07.05"]
[Round "6.53"]
[White "Souralova, Venuse"]
[Black "Fiala, Jonas"]
[Result "0-1"]
[WhiteElo "1453"]
[BlackElo "1000"]
[PlyCount "120"]
[EventDate "2018.06.30"]
[EventType "swiss"]
[EventRounds "9"]
[EventCountry "CZE"]

1. c4 e5 2. Nc3 Nf6 3. d3 h6 4. g3 Bb4 5. Bd2 Nc6 6. Bg2 Nd4 7. Nf3 Nc6 8. O-O O-O 9. a3 Be7 10. b4 a6 11. Qc2 d6 12. Rfc1 Be6 13. b5 axb5 14. cxb5 Na5 15. Rab1 Qd7 16. Nd1 c5 17. bxc6 Nxc6 18. Bb4 Bh3 19. Bh1 Nd4 20. Nxd4 exd4 21. Qc7 Qe6 22. Bf3 Ng4 23. Qxb7 Bg5 24. Rc7 Qa2 25. Rbc1 Bxc1 26. Rxc1 Qe6 27. Be4 Rab8 28. Qd5 Rbc8 29. Rc4 Qxd5 30. Bxd5 Rxc4 31. Bxc4 Re8 32. Bd5 Rxe2 33. Bf3 Ra2 34. Bxd6 Rd2 35. a4 Rxd3 36. Be2 Rd2 37. Bf3 Ra2 38. Bc6 Ra1 39. Bf3 Rxa4 40. Bc5 Ne5 41. Bh5 g6 42. Be2 d3 43. Bf1 Ra1 44. Bxh3 Rxd1+ 45. Kg2 f5 46. f4 Nc4 47. g4 fxg4 48. Bxg4 Rd2+ 49. Kf3 Rxh2 50. Be6+ Kg7 51. Bxc4 d2 52. Be2 Rh1 53. Bd4+ Kf7 54. Bc4+ Ke7 55. Be2 d1=Q 56. Bxd1 Rxd1 57. Bc5+ Ke6 58. Bf8 h5 59. Bh6 Kf5 60. Kf2 Kg4 0-1

[Event "26th Klatovy B 2018"]
[Site "Klatovy CZE"]
[Date "2018.07.05"]
[Round "6.54"]
[White "Bauer, Jan 2005"]
[Black "Cinkova, Vicky"]
[Result "1-0"]
[WhiteElo "1415"]
[BlackElo "1133"]
[PlyCount "71"]
[EventDate "2018.06.30"]
[EventType "swiss"]
[EventRounds "9"]
[EventCountry "CZE"]

1. e4 d5 2. exd5 Qxd5 3. Nc3 Qa5 4. Nf3 Nf6 5. Be2 Bg4 6. O-O e6 7. d3 Nbd7 8. Bd2 c6 9. h3 Bh5 10. Ne4 Qc7 11. Ng3 Bxf3 12. Bxf3 Bc5 13. Ne4 Nxe4 14. Bxe4 Nf6 15. Bf3 O-O-O 16. b4 Be7 17. a4 Rdg8 18. b5 c5 19. b6 Qxb6 20. Rb1 Qd6 21. Rxb7 a6 22. Ba5 Bd8 23. Bxd8 Kxd8 24. Rxf7 h5 25. Qb1 Ke8 26. Ra7 Ng4 27. hxg4 hxg4 28. Bc6+ Kd8 29. Rd7+ Qxd7 30. Bxd7 Kxd7 31. Qb7+ Ke8 32. Re1 Rh6 33. Qc8+ Kf7 34. Qd7+ Kf8 35. Rxe6 Rgh8 36. Qe8# 1-0

[Event "26th Klatovy B 2018"]
[Site "Klatovy CZE"]
[Date "2018.07.05"]
[Round "6.55"]
[White "Bukvaj, Martin"]
[Black "Celovsky, Jan"]
[Result "0-1"]
[WhiteElo "1123"]
[BlackElo "1397"]
[PlyCount "90"]
[EventDate "2018.06.30"]
[EventType "swiss"]
[EventRounds "9"]
[EventCountry "CZE"]

1. e4 e5 2. Nf3 Nc6 3. Bc4 Nf6 4. d4 exd4 5. O-O Bc5 6. e5 Ng4 7. h3 Ngxe5 8. Re1 d6 9. Ng5 O-O 10. Bd3 h6 11. Ne4 Nxd3 12. cxd3 Bb6 13. Bxh6 gxh6 14. Qf3 Ne5 15. Nf6+ Kg7 16. Nh5+ Kh7 17. Nf6+ Kg7 18. Nh5+ Kh8 19. Qg3 Ng6 20. Nd2 Qg5 21. Qxg5 hxg5 22. Nc4 Bf5 23. Nxb6 axb6 24. Red1 g4 25. Ng3 Be6 26. a3 gxh3 27. gxh3 Bxh3 28. Kh2 Bg4 29. Rd2 Kg7 30. Rg1 Rh8+ 31. Kg2 Nf4+ 32. Kf1 Rae8 33. Nf5+ Kf6 34. Rxg4 Kxf5 35. Rg1 Reg8 36. Rxg8 Rxg8 37. b4 Rh8 38. Kg1 Kg4 39. a4 Kf3 40. a5 Ne2+ 41. Rxe2 Kxe2 42. axb6 cxb6 43. b5 Rg8+ 44. Kh1 Kxf2 45. Kh2 Rh8# 0-1

[Event "26th Klatovy B 2018"]
[Site "Klatovy CZE"]
[Date "2018.07.05"]
[Round "6.56"]
[White "Filip, Petr 1952"]
[Black "Studenovsky, Jaroslav 1974"]
[Result "0-1"]
[WhiteElo "1354"]
[BlackElo "1000"]
[PlyCount "112"]
[EventDate "2018.06.30"]
[EventType "swiss"]
[EventRounds "9"]
[EventCountry "CZE"]

1. Nf3 Nf6 2. c4 g6 3. d4 Bg7 4. Nc3 d5 5. e3 O-O 6. Bd3 Nc6 7. a3 Bg4 8. O-O e5 9. cxd5 Nxd5 10. Be4 Nxc3 11. bxc3 Na5 12. Qa4 Bxf3 13. Bxf3 c6 14. c4 exd4 15. Bb2 dxe3 16. Bxg7 exf2+ 17. Rxf2 Kxg7 18. Rd1 Qc7 19. Rdf1 a6 20. h4 b5 21. cxb5 axb5 22. Qd4+ Kg8 23. h5 Rad8 24. Qh4 Qe5 25. Re2 Qd4+ 26. Qxd4 Rxd4 27. hxg6 hxg6 28. Kf2 c5 29. Re5 Rd2+ 30. Kg3 Nc4 31. Rxc5 Nxa3 32. Rc7 Nc4 33. Rb7 Nd6 34. Rb6 Rd8 35. Rc1 Rd4 36. Bd1 Nf5+ 37. Kh2 Rxd1 38. Rxd1 Rxd1 39. Rxb5 Rd2 40. Rb4 Ne3 41. Kg3 Nxg2 42. Rb3 Ne1 43. Rc3 Rd3+ 44. Rxd3 Nxd3 45. Kf3 f5 46. Kg3 g5 47. Kf3 Kf7 48. Ke2 Ne5 49. Kf2 f4 50. Kg2 g4 51. Kf2 Kf6 52. Kg2 Kg5 53. Kh2 Kh4 54. Kg2 f3+ 55. Kh1 Kh3 56. Kg1 f2+ 0-1

[Event "26th Klatovy B 2018"]
[Site "Klatovy CZE"]
[Date "2018.07.05"]
[Round "6.57"]
[White "Stastny, Simon"]
[Black "Cervenka, Jakub"]
[Result "1-0"]
[WhiteElo "1092"]
[BlackElo "1300"]
[PlyCount "119"]
[EventDate "2018.06.30"]
[EventType "swiss"]
[EventRounds "9"]
[EventCountry "CZE"]

1. e4 d5 2. exd5 Qxd5 3. Nc3 Qa5 4. d4 c6 5. Bc4 Bf5 6. Nf3 e6 7. Bd2 Nf6 8. a3 Be7 9. Nd5 Qd8 10. Nxe7 Qxe7 11. O-O Nbd7 12. Ne5 O-O 13. Bg5 Rad8 14. Qe2 h6 15. Bh4 Qd6 16. Nxd7 Rxd7 17. Bxf6 gxf6 18. c3 Kh7 19. Bd3 Bg6 20. Rfe1 Re8 21. Rad1 e5 22. f4 Rde7 23. f5 exd4 24. fxg6+ fxg6 25. Qd2 Rxe1+ 26. Rxe1 Rxe1+ 27. Qxe1 dxc3 28. Qxc3 Qf4 29. Be2 Qe4 30. Qd3 Qf4 31. Qd7+ Kh8 32. Qc8+ Kg7 33. Qxb7+ Kf8 34. Qb4+ Qxb4 35. axb4 Ke7 36. b5 c5 37. h4 h5 38. Bd3 g5 39. hxg5 fxg5 40. g3 Kf6 41. Be2 h4 42. gxh4 gxh4 43. Kf2 Ke5 44. Ke3 Kd5 45. b3 Ke5 46. Kf3 Kd4 47. Bc4 h3 48. Kg3 h2 49. Kxh2 Ke3 50. Kg2 Kd2 51. Kf3 Kc3 52. Ke4 Kb4 53. Kd5 Ka5 54. Kxc5 a6 55. b4+ Ka4 56. Bb3+ Ka3 57. bxa6 Kxb3 58. a7 Kb2 59. a8=Q Kb3 60. Qf3+ 1-0

[Event "26th Klatovy B 2018"]
[Site "Klatovy CZE"]
[Date "2018.07.05"]
[Round "6.58"]
[White "Ruzickova, Helena"]
[Black "Sykora, Vaclav"]
[Result "1-0"]
[WhiteElo "1422"]
[BlackElo "1529"]
[PlyCount "69"]
[EventDate "2018.06.30"]
[EventType "swiss"]
[EventRounds "9"]
[EventCountry "CZE"]

1. e4 d5 2. exd5 Qxd5 3. Nc3 Qd8 4. Bc4 Nf6 5. d3 e6 6. Nge2 Be7 7. Bd2 O-O 8. O-O c6 9. Ng3 Nbd7 10. Nce4 b5 11. Bb3 Bb7 12. Be3 Nxe4 13. Nxe4 Nf6 14. Ng3 a6 15. c3 Qd7 16. Bc2 c5 17. Qe2 Qc6 18. f3 Rad8 19. Rad1 Nd5 20. Bc1 Bd6 21. Ne4 Bf4 22. Bxf4 Nxf4 23. Qf2 c4 24. d4 Nd5 25. Rde1 h6 26. Qh4 Qc7 27. Nc5 Nf6 28. Re5 Rd6 29. Rfe1 Re8 30. Bf5 exf5 31. Rxe8+ Nxe8 32. Rxe8+ Kh7 33. Qf4 Rd7 34. Qxf5+ g6 35. Qxd7 1-0

[Event "26th Klatovy B 2018"]
[Site "Klatovy CZE"]
[Date "2018.07.05"]
[Round "6.59"]
[White "Garabik, Marek"]
[Black "Vesely, Jan"]
[Result "0-1"]
[WhiteElo "1399"]
[BlackElo "1112"]
[PlyCount "82"]
[EventDate "2018.06.30"]
[EventType "swiss"]
[EventRounds "9"]
[EventCountry "CZE"]

1. e4 e5 2. f4 exf4 3. Nf3 Nc6 4. d4 Nf6 5. Nc3 d6 6. Bc4 Bg4 7. Bxf4 Bxf3 8. Qxf3 Nxd4 9. Qd3 Nc6 10. O-O Nb4 11. Qe2 Be7 12. a3 Nc6 13. Rad1 Qc8 14. Bg5 Qd8 15. Bb5 O-O 16. Bxc6 bxc6 17. e5 Nd7 18. Bxe7 Qxe7 19. exd6 Qxe2 20. Nxe2 cxd6 21. Rxd6 Ne5 22. Rfd1 Rfe8 23. Ng3 h6 24. Ne4 Nc4 25. R6d4 Nxb2 26. Rb1 Rab8 27. Nd6 Red8 28. Nf5 Re8 29. Rd6 Re6 30. Rxe6 fxe6 31. Nd4 c5 32. Nxe6 c4 33. Nf4 Rb6 34. Nd5 Rb5 35. Nc3 Rb6 36. Na4 Nxa4 37. Rxb6 axb6 38. Kf2 Kf7 39. Ke3 Ke6 40. Ke4 b5 41. g4 g6 0-1

[Event "26th Klatovy B 2018"]
[Site "Klatovy CZE"]
[Date "2018.07.05"]
[Round "6.61"]
[White "Safarova, Magdalena"]
[Black "Stanke, Vilem"]
[Result "0-1"]
[WhiteElo "1172"]
[BlackElo "1366"]
[PlyCount "44"]
[EventDate "2018.06.30"]
[EventType "swiss"]
[EventRounds "9"]
[EventCountry "CZE"]

1. e4 e5 2. Nf3 Nc6 3. d4 exd4 4. Nxd4 Bc5 5. Be3 Qf6 6. c3 Nge7 7. Bc4 Ne5 8. Bb3 d6 9. O-O Qg6 10. Nf3 Bxe3 11. fxe3 Qxe4 12. Ng5 Qxe3+ 13. Kh1 Qxg5 14. Qe2 Bf5 15. Nd2 Bd3 16. Bxf7+ Kd8 17. Qf2 Bxf1 18. Rxf1 Rf8 19. Be6 Rxf2 20. Rxf2 N5g6 21. h3 Qe3 22. Rf7 Qxe6 0-1

[Event "26th Klatovy B 2018"]
[Site "Klatovy CZE"]
[Date "2018.07.05"]
[Round "6.62"]
[White "Jelinek, Frantisek"]
[Black "Filip, Stepan"]
[Result "1/2-1/2"]
[WhiteElo "1039"]
[BlackElo "1307"]
[PlyCount "30"]
[EventDate "2018.06.30"]
[EventType "swiss"]
[EventRounds "9"]
[EventCountry "CZE"]

1. d4 d5 2. c4 e6 3. e3 Nf6 4. cxd5 exd5 5. Bd3 Be6 6. Nc3 c6 7. Bd2 Nbd7 8. Nge2 Be7 9. O-O O-O 10. Ng3 Qb6 11. b3 Rac8 12. Na4 Qc7 13. Rc1 Rfd8 14. b4 a6 15. Nc5 Nxc5 1/2-1/2

[Event "26th Klatovy B 2018"]
[Site "Klatovy CZE"]
[Date "2018.07.05"]
[Round "6.63"]
[White "Kura, Filip"]
[Black "Devera, Filip"]
[Result "1-0"]
[WhiteElo "1267"]
[BlackElo "1209"]
[PlyCount "32"]
[EventDate "2018.06.30"]
[EventType "swiss"]
[EventRounds "9"]
[EventCountry "CZE"]

1. e4 e6 2. d4 d5 3. exd5 exd5 4. Nc3 Bb4 5. Nf3 Ne7 6. Bd3 Bg4 7. O-O Nbc6 8. Be3 Qd7 9. a3 Bd6 10. Bb5 O-O-O 11. Qe2 Rde8 12. Bd2 Ng6 13. Qd3 Nf4 14. Bxf4 Bxf4 15. Rfe1 Bf5 16. Bxc6 Qxc6 1-0

[Event "26th Klatovy B 2018"]
[Site "Klatovy CZE"]
[Date "2018.07.05"]
[Round "6.64"]
[White "Skutil, Frantisek Elias"]
[Black "Barta, David"]
[Result "0-1"]
[WhiteElo "1100"]
[BlackElo "1176"]
[PlyCount "88"]
[EventDate "2018.06.30"]
[EventType "swiss"]
[EventRounds "9"]
[EventCountry "CZE"]

1. e4 c5 2. Nf3 d6 3. d4 cxd4 4. Nxd4 Nf6 5. Nc3 Nc6 6. g3 Bg4 7. Nf3 g6 8. h3 Bd7 9. Bg2 Bg7 10. Be3 Qa5 11. O-O O-O 12. h4 Ng4 13. Bd2 Qc7 14. Nd5 Qc8 15. Bb4 Bxb2 16. Rb1 Bg7 17. Ba5 b6 18. Bb4 Nf6 19. Nxf6+ Bxf6 20. Bd2 Bh3 21. Bh6 Bxg2 22. Kxg2 Rd8 23. Qc1 Qe6 24. Re1 Qxa2 25. Rb5 Bc3 26. Re3 Bg7 27. Bxg7 Kxg7 28. Nh2 Qc4 29. Rbb3 Nd4 30. Qb2 f6 31. Rbc3 Qb5 32. Qc1 Ne2 33. Rb3 Qxb3 34. Rxe2 Rdc8 35. Qd1 Qc3 36. Ng4 a5 37. Qc1 a4 38. Qh6+ Kg8 39. Re3 Qxe3 40. Nxe3 a3 41. Nd5 Ra7 42. Nxb6 Rb8 43. Qe3 a2 44. Qb3+ Kg7 0-1

[Event "26th Klatovy B 2018"]
[Site "Klatovy CZE"]
[Date "2018.07.05"]
[Round "6.65"]
[White "Tomascik, Petr"]
[Black "Nova, Michaela 1970"]
[Result "1-0"]
[WhiteElo "1427"]
[BlackElo "1000"]
[PlyCount "51"]
[EventDate "2018.06.30"]
[EventType "swiss"]
[EventRounds "9"]
[EventCountry "CZE"]

1. d4 d5 2. c4 dxc4 3. Nc3 e5 4. d5 Nf6 5. e4 b5 6. Bg5 Bb4 7. a3 Bxc3+ 8. bxc3 O-O 9. a4 Qd6 10. Bxf6 Qxf6 11. axb5 Rd8 12. Bxc4 Rd6 13. Be2 Qf4 14. Qd3 Rf6 15. Bf3 Nd7 16. Qc4 Rh6 17. Ne2 Qh4 18. Ng3 g6 19. Qxc7 Qe7 20. Qc6 Rb8 21. Nf5 Qh4 22. Nxh4 Rxh4 23. Rxa7 f5 24. Rxd7 fxe4 25. Qe6+ Kh8 26. Qe8# 1-0

[Event "26th Klatovy B 2018"]
[Site "Klatovy CZE"]
[Date "2018.07.05"]
[Round "6.66"]
[White "Kadlec, Rudolf"]
[Black "Skalicky, Jindrich"]
[Result "1-0"]
[WhiteElo "1420"]
[BlackElo "1225"]
[PlyCount "67"]
[EventDate "2018.06.30"]
[EventType "swiss"]
[EventRounds "9"]
[EventCountry "CZE"]

1. e4 e5 2. d4 exd4 3. Nf3 c5 4. Bc4 Nc6 5. O-O Nge7 6. Re1 Ng6 7. c3 Be7 8. cxd4 cxd4 9. Nxd4 Nxd4 10. Qxd4 O-O 11. Nc3 Qb6 12. Qd2 d6 13. Nd5 Qc6 14. b3 Be6 15. Rb1 b5 16. Be2 Bxd5 17. exd5 Qc8 18. Bxb5 Qg4 19. f3 Qh4 20. Re4 Qh5 21. Bb2 Bg5 22. Qf2 Nf4 23. Rd1 Bh4 24. Qe3 Nh3+ 25. gxh3 Bg5 26. Qe2 Qxh3 27. Qg2 Qh6 28. Bd4 Rac8 29. Bc4 Rce8 30. Rde1 Bh4 31. R1e2 Rxe4 32. Rxe4 Qc1+ 33. Qf1 Qg5+ 34. Rg4 1-0

[Event "26th Klatovy B 2018"]
[Site "Klatovy CZE"]
[Date "2018.07.05"]
[Round "6.67"]
[White "Cinkova, Lenka"]
[Black "Kalista, Frantisek"]
[Result "1-0"]
[WhiteElo "1000"]
[BlackElo "1360"]
[PlyCount "79"]
[EventDate "2018.06.30"]
[EventType "swiss"]
[EventRounds "9"]
[EventCountry "CZE"]

1. d4 d5 2. c4 e6 3. Nc3 Nf6 4. Nf3 b6 5. Bg5 Be7 6. e3 O-O 7. Bd3 h6 8. Bxf6 Bxf6 9. O-O Bb7 10. cxd5 exd5 11. Re1 Nd7 12. Qc2 Kh8 13. Re2 Re8 14. Rae1 Re7 15. Nh4 Bxh4 16. e4 c6 17. g3 Bf6 18. e5 Bg5 19. h4 Bxh4 20. gxh4 Bc8 21. f4 Qc7 22. Re3 f6 23. Qg2 fxe5 24. Rg3 Nf6 25. fxe5 Nh5 26. Qf3 Nf6 27. Rf1 Bg4 28. Qf4 Rf8 29. Rxg4 Ref7 30. Bg6 Nxg4 31. Bxf7 Ne3 32. Rf3 Rxf7 33. Qxf7 Qc8 34. Rxe3 Qg4+ 35. Kh2 Qxh4+ 36. Rh3 Qxd4 37. Qf8+ Kh7 38. Qf5+ g6 39. Qf7+ Kh8 40. Rxh6# 1-0

[Event "26th Klatovy B 2018"]
[Site "Klatovy CZE"]
[Date "2018.07.05"]
[Round "6.68"]
[White "Lhotsky, Zdenek 1966"]
[Black "Souralova, Jana"]
[Result "1-0"]
[WhiteElo "1305"]
[BlackElo "1100"]
[PlyCount "35"]
[EventDate "2018.06.30"]
[EventType "swiss"]
[EventRounds "9"]
[EventCountry "CZE"]

1. e4 e5 2. Nf3 Nc6 3. Bb5 Nf6 4. Nc3 d6 5. h3 Be7 6. d4 O-O 7. d5 a6 8. Be2 Nd4 9. Nxd4 exd4 10. Qxd4 c5 11. dxc6 bxc6 12. Bf4 c5 13. Qe3 Be6 14. Rd1 Rb8 15. e5 dxe5 16. Rxd8 exf4 17. Rxf8+ Rxf8 18. Qxf4 1-0

[Event "26th Klatovy B 2018"]
[Site "Klatovy CZE"]
[Date "2018.07.05"]
[Round "6.69"]
[White "Zimmermann, Ladislav"]
[Black "Roubal, Matyas"]
[Result "1-0"]
[WhiteElo "1300"]
[BlackElo "1100"]
[PlyCount "135"]
[EventDate "2018.06.30"]
[EventType "swiss"]
[EventRounds "9"]
[EventCountry "CZE"]

1. e4 e5 2. Nf3 Nc6 3. d4 exd4 4. Nxd4 Nxd4 5. Qxd4 Nf6 6. Bg5 Be7 7. Nc3 d6 8. O-O-O Bg4 9. f3 Be6 10. e5 dxe5 11. Qxe5 Bd6 12. Qb5+ c6 13. Qxb7 Bd7 14. Rxd6 h6 15. Bxf6 gxf6 16. Ne4 f5 17. Nf6+ Kf8 18. Qxd7 Qa5 19. Bc4 Rh7 20. Nxh7+ Kg8 21. Qxf7+ Kh8 22. Rxh6 Qd2+ 23. Kb1 Qxh6 24. Qf6+ Kxh7 25. Qxh6+ Kxh6 26. h3 Rd8 27. Bd3 f4 28. Re1 Rg8 29. Re6+ Kh5 30. Bf1 Rd8 31. Bd3 Kh4 32. Re2 Rd5 33. Rd2 Rg5 34. Kc1 Re5 35. Kd1 Ra5 36. a3 Kg5 37. Ke1 Re5+ 38. Kf2 c5 39. Be4 Re7 40. Rd5+ Kf6 41. Rd8 Re6 42. Rd7 Rb6 43. b3 Kg5 44. Rxa7 Kf6 45. a4 Rb8 46. a5 Rd8 47. Bd3 Rg8 48. a6 Rb8 49. Be4 Rf8 50. Rc7 Rb8 51. a7 Rg8 52. Rxc5 Re8 53. a8=Q Rxa8 54. Bxa8 Ke6 55. g3 fxg3+ 56. Kxg3 Kf6 57. Kg4 Kg6 58. f4 Kf6 59. h4 Kg6 60. h5+ Kh6 61. Rc6+ Kg7 62. Kg5 Kf7 63. h6 Kg8 64. Rf6 Kh7 65. c4 Kg8 66. Bd5+ Kh7 67. Be4+ Kh8 68. Rf8# 1-0

[Event "26th Klatovy B 2018"]
[Site "Klatovy CZE"]
[Date "2018.07.05"]
[Round "6.70"]
[White "Vojir, Vaclav 2005"]
[Black "Nova, Anezka"]
[Result "1-0"]
[WhiteElo "1225"]
[BlackElo "1033"]
[PlyCount "67"]
[EventDate "2018.06.30"]
[EventType "swiss"]
[EventRounds "9"]
[EventCountry "CZE"]

1. d4 Nf6 2. c4 d5 3. e3 Bg4 4. Be2 Bf5 5. Nc3 dxc4 6. Bxc4 Bg4 7. Nf3 e6 8. O-O Bd6 9. h3 Bh5 10. a3 c6 11. Re1 Qc7 12. e4 c5 13. e5 Be7 14. exf6 Bxf6 15. d5 Qd7 16. Bb5 Nc6 17. dxc6 bxc6 18. Qxd7+ Kxd7 19. Ne5+ Kc7 20. Bxc6 Rad8 21. Bf4 Rb8 22. Nxf7+ Kxc6 23. Nxh8 Rxh8 24. Rxe6+ Kd7 25. Rd6+ Ke7 26. Nd5+ Kf7 27. Nxf6 gxf6 28. Re1 Kg7 29. Rxf6 Kxf6 30. Be5+ Kf5 31. Bxh8 Bg6 32. Re5+ Kf4 33. g3+ Kf3 34. Re3# 1-0

[Event "26th Klatovy B 2018"]
[Site "Klatovy CZE"]
[Date "2018.07.05"]
[Round "6.71"]
[White "Berkovec, Jakub"]
[Black "Merinsky, Stanislav"]
[Result "0-1"]
[WhiteElo "1000"]
[BlackElo "1000"]
[PlyCount "100"]
[EventDate "2018.06.30"]
[EventType "swiss"]
[EventRounds "9"]
[EventCountry "CZE"]

1. e4 e5 2. Nf3 Nc6 3. Bc4 Nf6 4. d3 Bc5 5. Nc3 O-O 6. Bg5 h6 7. Be3 b6 8. Qd2 Bxe3 9. fxe3 d6 10. O-O-O Be6 11. Bb5 Nb8 12. d4 c6 13. Ba6 Nxa6 14. dxe5 Nxe4 15. Nxe4 d5 16. Nd6 f6 17. Nb7 Qc7 18. Nd6 fxe5 19. Nxe5 Qxd6 20. Ng6 Rf6 21. Nf4 Nb4 22. Nxe6 Rxe6 23. Rhf1 a5 24. Rf4 Nxa2+ 25. Kb1 Nb4 26. Rdf1 Rf6 27. Qf2 Raf8 28. Qh4 g5 29. Rxf6 gxh4 30. Rxf8+ Qxf8 31. Rxf8+ Kxf8 32. c3 Na6 33. g3 h3 34. g4 Nc5 35. b4 axb4 36. cxb4 Nd3 37. Ka2 Nf2 38. Ka3 Nxg4 39. Ka4 b5+ 40. Ka5 Nxh2 41. Kb6 Nf1 42. Kxc6 h2 43. Kxd5 Nxe3+ 44. Kc5 h1=Q 45. Kxb5 Qd5+ 46. Ka4 Qc4 47. Ka5 h5 48. b5 Qa2+ 49. Kb6 h4 50. Kc6 Qd5+ 0-1